000 03618nam a2200337Ia 4500
008 130821s1685 sp gr lat
040 _aCo-BoUCM
_bspa
041 0 _alat
092 _aE21N077
110 2 _aColegio de Santo Tomás (Alcalá de Henares)
242 0 0 _aCuestiones sobre toda la lógica de Aristóteles
_cColegio de Santo Tomás, Alcalá de Henares
_yspa
245 1 0 _aCollegii Sancti Thomae Complutensis in universam logicam Aristotelis logicam quaestiones.
246 1 3 _a[Cuestiones sobre toda la lógica de Aristóteles Colegio de Santo Tomás, Alcalá de Henares]
250 _aSecunda editio [2a ed]
260 _aAlcalá de Henares (Madrid, España)
_b[Typus Francisci Garcia ... typografphi Univers ... [Francisco García ..., tipógrafo de la Universidad]
_c1685
300 _a[4], 596, [2] páginas
500 _aDetalles físicos: Encuadernación flexible en pergamino, piel arrugada y manchada, visible deterioro en bordes y esquinas. Guardas. Portada impresa en una sola tinta con un grabado (emblema dominicano de la Cruz de Calatrava), rota y con restauración. Dedicatoria al arzobispo de Valencia, Juan Tomás de Rocavert. Permisos. Licencias. Erratas. Mayúsculas capitales y cenefas de baja calidad. Texto regularmente impreso, en dos columnas, sobre papel ordinario. Márgenes reducidos. Signaturas. Reclamos. Papel manchado varias hojas rotas y restauradas. Varias anotaciones y subrayados. Ejemplar en regulado estado de conservación. En la guarda delantera, anotaciones manuscritas: "Pertenece al Doctor Don Agustín Manuel de Alarcón, Regente de la cátedra de filosofía en este Colegio Mayor de Nuestra Señora del Rosario ... Año 1760". Otra: "Agustín Caycedo. Año de 1779", "Barahona", "Arjona". En portada anotación manuscrita borrosa: "Doctor Don Manuel ... y tres sellos de tinta: "Del Colegio de Ntra. Sra. del Rosario", "El Colegio de Nuestra Señora del Rosario" y "Colegio Mayor del Rosario". En la página 1: "Soi del Doctor Don Manuel Rafael Alba" - "diablo pecador". En guarda posterior otra anotación: "Este viejo rancio, pendejo, mula, soquete (sic), borrico, hijo de puta, fatuo, loco, quintaesencia de la necedad, ignorante, fanático, alma de cántaro, corazón de alcornoque, Sancho con su rocín, nieto de ..., ojo de demonio. Y firmamos en 30 de febrero. San Mateo, San Lucas, San Marcos, San Juan".
500 _aIncluye índice.
505 0 _aProemio: Definición de Lógica. ; Objeto (material - formal), e importancia de la Lógica. ; Si la Lógica es ciencia o es arte. ; Si es práctica o especulativa. -- Lógica: El ente de razón. ; Los Universales. ; Sobre los predicables en general. ; Sobre el género, la especie y el individuo. ; Diferencia entre propio y accidente. ; Los antepredicamentos. ; Los tres primeros predicamentos. ; Qué es la sustancia. ; Propiedades de la sustancia. ; La razón formal de la cantidad. ; Si la sustancia tiene partes. ; En qué consiste la relación. ; La cualidad. ; Los pospredicamentos. ; La demostración.
506 _aConsulta en sala.
520 _aComentarios a la Lógica de Aristóteles
546 _aTexto en latín
600 1 _aAristóteles
_d384-322 a. C.
_xCrítica e interpretación, etc.
_91040
650 0 4 _aAristotelismo
_xObras anteriores a 1700
_99345
650 0 4 _aEscolasticismo
_ySiglo XVIII
_xObras anteriores a 1700
_914772
650 0 4 _aFilosofía aristotélica
_xObras anteriores a 1700
_915732
650 0 4 _aFilosofía
_975
650 0 4 _aLógica
_xObras anteriores a 1700
_918789
942 _cLIBRO
_a2
_e2
_2DEWEY
_h189.4
999 _c38051
_d38051